KOHA-Header-6

Laboratory Manual of MicroBiology (Record no. 1205)

000 -LEADER
fixed length control field 00329nam a2200133Ia 4500
008 - FIXED-LENGTH DATA ELEMENTS--GENERAL INFORMATION
fixed length control field 190722s9999 xx 000 0 und d
020 ## - INTERNATIONAL STANDARD BOOK NUMBER
International Standard Book Number 969-8261-53-5
100 ## - MAIN ENTRY--PERSONAL NAME
Personal name Abdul Mobin Khan
245 #0 - TITLE STATEMENT
Title Laboratory Manual of MicroBiology
250 ## - EDITION STATEMENT
Edition statement 6th
260 ## - PUBLICATION, DISTRIBUTION, ETC. (IMPRINT)
Place of publication, distribution, etc Karachi
Name of publisher, distributor, etc Time Publisher
Date of publication, distribution, etc 2016
300 ## - PHYSICAL DESCRIPTION
Extent 240
942 ## - ADDED ENTRY ELEMENTS (KOHA)
Koha item type Books
Holdings
Withdrawn status Lost status Damaged status Not for loan Permanent Location Current Location Shelving location Date acquired Total Checkouts Total Renewals Full call number Barcode Date last seen Date checked out Price effective from Koha item type
        MAJU MAJU Shelf No.A36 2019-10-28 5 3 576.028 7830 2024-01-19 2024-01-18 2019-07-22 Bio Science

Powered by Koha